Lénine et la philosophie

Na minha lista:
Detalhes bibliográficos
Autor principal: Althusser, Louis
Formato: Livro
Idioma:Undetermined
Publicado em: París, Francia Francois Maspero 1969
Assuntos:
Tags: Adicionar Tag
Sem tags, seja o primeiro a adicionar uma tag!

MARC

LEADER 00000nam a2200000Ia 4500
008 170316s9999 xx 000 0 und d
090 |a 100 A-13L 
100 |a Althusser, Louis 
245 |a Lénine et la philosophie 
260 |a París, Francia 
260 |b Francois Maspero 
260 |c 1969 
300 |a 59 páginas 
650 |a FILOSOFÍA 
650 |a MARXISMO 
650 |a ALTHUSSER 
999 |c 15463  |d 15463 
040 |a cru BVZT 
942 |c 15 D  |h 100 A-13L  |2 z